000 00507nam a2200169Ia 4500
003 IN-BaIIA
008 211028s9999 xx 000 0 eng d
040 _cIIA Library
080 _a520.2
_bAMA-2
245 0 _aAmateur telescope making advanced
_cedited by Albert G. Ingalls
260 _aU.S.A
_bScientific American
_c1959
300 _avi, 650p.
650 _aAstronomical instrumentation
_93629
650 _aAstronomy and astrophysics thesaurus
700 _aIngalls, Albert G., ed.
_93630
942 _cBK
999 _c1898
_d1898